000 00451nam a2200181Ia 4500
001 9775
005 20260306161743.0
008 260306t1986||||xx |||||||||||||| ||spa||
041 _aESP
082 _a420
_bM544
100 _aMikes, George
_eAUT
245 0 _aHow to be an Alien:
_ba handbook for beginners and advanced pupils
260 _c1986
300 _a88 páginas :
_c18 cm.
650 _aGEN
654 _aCHU
942 _cLIB
_dJUS
_fJUS
_2ddc
_n
999 _c9775
_d9775